01454cam a2200409 a 45000010005000000030006000050050017000110080041000280100017000690150015000860200015001010200018001160350023001340400023001570420020001800500025002000820014002251000019002392450084002582500035003422600049003773000027004265050007004535200181004605210018006415210019006596500052006786500022007306500026007526500038007786500040008166510034008566510053008906510041009436550030009846550030010142404FISKH20231205114740.0020701s2001 enk c 000 1 eng  a 2002405923 aGBA2-33355 a0333947401 a9781447265689 a(OCoLC)ocm49785931 aUKMcUKMdDLCbeng alcacalccopycat00aPZ7.I11555bJo 2001a00a[Fic]2221 aIbbotson, Eva.10aJourney to the river sea /cEva Ibbotson ; With a foreword by Michael Morpurgo  aThis edition published in 2014 aLondon :bMacmillan Children's Books,c2001. a292, 12 pages ;c20 cm aW  aSent with her governess to live with the dreadful Carter family in exotic Brazil in 1910, Maia endures many hardships before fulfilling her dream of exploring the Amazon River.8 a860 bLexile 8 aW bRaz-Plus  0aOrphanszAmazon River RegionvJuvenile fiction. 1aOrphansvFiction. 1aGovernessesvFiction. 1aInterpersonal relationsvFiction. 1aAdventure and adventurersvFiction. 1aAmazon River RegionvFiction. 1aManaus (Brazil)xHistoryy20th centuryvFiction. 1aBrazilxHistoryy1889-1930vFiction. 7aAdventure stories.2gsafd 7aChildren's stories.2lcsh